| 000 | 00559nam a2200193Ia 4500 | ||
|---|---|---|---|
| 003 | OSt | ||
| 005 | 20201110094311.0 | ||
| 008 | 190216s9999||||xx |||||||||||||| ||und|| | ||
| 020 | _a9780852264447 | ||
| 040 | _coclc | ||
| 082 |
_a514.322 _bJOS/I |
||
| 100 |
_aJoshi, K D _93777 |
||
| 245 | 0 |
_aIntroduction To General Topology / _cK D Joshi |
|
| 250 | _aRevised Ed. | ||
| 260 |
_bNew Age International Publishers, _c2006. _aNew Delhi: |
||
| 300 | _a412p | ||
| 650 | _aMathematics | ||
| 942 |
_cBK _2ddc _h514.322 _iJOS/I _k514.322 _mJOS/I |
||
| 999 |
_c32080 _d32080 |
||